<?xml version="1.0" encoding="UTF-8"?>
<record
    xmlns:xsi="http://www.w3.org/2001/XMLSchema-instance"
    xsi:schemaLocation="http://www.loc.gov/MARC21/slim http://www.loc.gov/standards/marcxml/schema/MARC21slim.xsd"
    xmlns="http://www.loc.gov/MARC21/slim">

  <leader>02031nam a2200289 i 4500</leader>
  <controlfield tag="001">000007218</controlfield>
  <controlfield tag="003">DO-SdBNP</controlfield>
  <controlfield tag="005">20240510202714.0</controlfield>
  <controlfield tag="007">ta</controlfield>
  <controlfield tag="008">090907s1993    dr a          001 0 spa d</controlfield>
  <datafield tag="040" ind1=" " ind2=" ">
    <subfield code="a">DO-SdBNP</subfield>
    <subfield code="b">spa</subfield>
    <subfield code="c">BNPHU</subfield>
    <subfield code="e">rda</subfield>
  </datafield>
  <datafield tag="082" ind1=" " ind2=" ">
    <subfield code="a">370.71</subfield>
    <subfield code="b">B862p</subfield>
    <subfield code="2">22</subfield>
  </datafield>
  <datafield tag="245" ind1="1" ind2="0">
    <subfield code="a">Programa de entrenamiento de profesores. M&#xF3;dulo :</subfield>
    <subfield code="b">t&#xE9;cnicas de estudio /</subfield>
    <subfield code="c">Elaborado por: Antonio Manuel Brito, Antonia Mej&#xED;a</subfield>
  </datafield>
  <datafield tag="264" ind1=" " ind2=" ">
    <subfield code="a">Santo Domingo :</subfield>
    <subfield code="b">Sante,</subfield>
    <subfield code="c">1993</subfield>
  </datafield>
  <datafield tag="300" ind1=" " ind2=" ">
    <subfield code="a">99 paginas. :</subfield>
    <subfield code="b">ilustraciones. ;</subfield>
    <subfield code="c">22 cm.</subfield>
  </datafield>
  <datafield tag="336" ind1=" " ind2=" ">
    <subfield code="2">rdacontent</subfield>
    <subfield code="a">texto</subfield>
    <subfield code="b">txt</subfield>
  </datafield>
  <datafield tag="337" ind1=" " ind2=" ">
    <subfield code="2">rdamedia</subfield>
    <subfield code="a">sin mediaci&#xF3;n</subfield>
    <subfield code="b">n</subfield>
  </datafield>
  <datafield tag="338" ind1=" " ind2=" ">
    <subfield code="2">rdacarriaer</subfield>
    <subfield code="a">volumen</subfield>
    <subfield code="b">nc</subfield>
  </datafield>
  <datafield tag="505" ind1=" " ind2=" ">
    <subfield code="a">El punto donde comenzamos 4|Introducci&#xF3;n 6|PREPARACION|Documento N&#xBA; 3: Fundamentos, contexto, objetivos y plan de acci&#xF3;n para el enfoque de las t&#xE9;cnicas de estudiar 15|Documento N&#xBA; 4: Uso de la cartilla articuladora 25|DESARROLLO|Documento N&#xBA;5: Teor&#xED;a pr&#xE1;ctica de las t&#xE9;cnicas de estudio en el marco de la informaci&#xF3;n - reflexi&#xF3;n 27|Psico-higiene de los estudios. Adquisici&#xF3;n de h&#xE1;bitos deseables de estudio 28|El tiempo. Conceptois y problemas. El control del tiempo 39|Principios de la concentraci&#xF3;n. Origen de la distracci&#xF3;n. Problemas y soluciones 39|La memoria. Recuerdo y olvido. Problemas 42|Lectura de libros de textos y tomas de apuntes. Sugerencias para mejorar latoma de apuntes 50|Presentaci&#xF3;n de informes. Exposici&#xF3;n del tema 58|La motivaci&#xF3;n escolar 61|Documento N&#xBA; 6: las t&#xE9;cnicas de estudio consideradas en el marco de la reflexi&#xF3;n-acci&#xF3;n: los n&#xFA;cleos problem&#xE1;ticos 64|Documento N&#xBA; 7: miniproyecto 72|CULMINACION|Documento N&#xBA; 8: an&#xE1;lisis y evaluaci&#xF3;n del m&#xF3;dulo, los miniproyectos y las experiencias vivenciales de los participantes 78|Ap&#xE9;ndices 84|Bibliograf&#xED;a 99</subfield>
  </datafield>
  <datafield tag="590" ind1=" " ind2=" ">
    <subfield code="a">Inventariado, 2023 / DG</subfield>
  </datafield>
  <datafield tag="650" ind1=" " ind2="4">
    <subfield code="a">Capacitaci&#xF3;n docente</subfield>
  </datafield>
  <datafield tag="650" ind1=" " ind2="4">
    <subfield code="a">Entrenamiento en servicio de maestros</subfield>
    <subfield code="9">17487</subfield>
  </datafield>
  <datafield tag="650" ind1=" " ind2="0">
    <subfield code="a">Maestros</subfield>
    <subfield code="9">17439</subfield>
  </datafield>
  <datafield tag="700" ind1=" " ind2=" ">
    <subfield code="a">Mej&#xED;a, Antonia</subfield>
    <subfield code="e">autor</subfield>
    <subfield code="9">83586</subfield>
  </datafield>
  <datafield tag="910" ind1=" " ind2=" ">
    <subfield code="a">DG</subfield>
  </datafield>
  <datafield tag="942" ind1=" " ind2=" ">
    <subfield code="2">ddc</subfield>
    <subfield code="c">LBS1</subfield>
  </datafield>
  <datafield tag="952" ind1=" " ind2=" ">
    <subfield code="0">0</subfield>
    <subfield code="1">0</subfield>
    <subfield code="2">ddc</subfield>
    <subfield code="5">1</subfield>
    <subfield code="7">0</subfield>
    <subfield code="8">PD</subfield>
    <subfield code="a">BNPHU</subfield>
    <subfield code="b">BNPHU</subfield>
    <subfield code="c">CT</subfield>
    <subfield code="d">2023-06-26</subfield>
    <subfield code="l">0</subfield>
    <subfield code="o">BNPHU PD 370.71 B862p</subfield>
    <subfield code="p">2023-2744</subfield>
    <subfield code="r">2023-06-26</subfield>
    <subfield code="w">2023-06-26</subfield>
    <subfield code="y">LBS1</subfield>
  </datafield>
  <datafield tag="999" ind1=" " ind2=" ">
    <subfield code="c">53946</subfield>
    <subfield code="d">53946</subfield>
  </datafield>
</record>
